|
|
|
|
| LEADER |
01286pam a2200289 a 4500 |
| 001 |
AALebookPearson002557 |
| 003 |
BD-DhAAL |
| 006 |
m||||||||d|||||||| |
| 007 |
cr|||||||||||| |
| 008 |
221123s9999 xxuabf fo j 001 0 eng d |
| 020 |
|
|
|a "9781292039367"
|
| 020 |
|
|
|a "9781292052823"
|
| 040 |
|
|
|a BD-DhAAL
|c BD-DhAAL
|
| 082 |
0 |
|
|a 5.5
|
| 100 |
1 |
|
|a Emergent Learning LLC;Weixel, Suzanne;Wempen, Faithe;Weixel, Suzanne;Wempen, Faithe;Skintik, Catherine
|
| 245 |
1 |
0 |
|h [electronic resource]
|a Learning Microsoft Office 2010 Deluxe, Student Edition: Pearson New International Edition
|
| 250 |
|
|
|a 1
|
| 260 |
|
|
|b Pearson Education UK,
|c 11/1/13
|
| 300 |
|
|
|a 1 online resource
|
| 500 |
|
|
|a <strong>Off-Campus Access:</strong> Athens ID and Password Required
|
| 500 |
|
|
|a <strong>On-Campus Access:</strong> No User ID or Password Required
|
| 506 |
|
|
|a Electronic access restricted to authorized BRAC University faculty, staff and students
|
| 538 |
|
|
|a Mode of access: Internet
|
| 650 |
|
4 |
|a Computer Science/IT
|
| 655 |
|
7 |
|a Electronic books
|2 Library of Congress
|
| 856 |
4 |
0 |
|z Full text available on Pearson
|u https://ebookcentral.proquest.com/lib/bracu/detail.action?docID=5137721
|
| 856 |
4 |
0 |
|z Off-campus access
|u https://ebookcentral.proquest.com/lib/bracu/detail.action?docID=5137721
|